Nissan Cars by Picture - Statistics

General Stats
  • This quiz has been taken 364 times
  • The average score is 7 of 18
Answer Stats
Picture Answer % Correct
GT-R
90%
370Z
63%
Skyline
62%
Juke
59%
Z
54%
Sentra
44%
Leaf
40%
Frontier
39%
Pathfinder
38%
Titan
38%
Maxima
35%
Murano
33%
Armada
29%
Rogue
29%
Versa
29%
Kicks
26%
GT R50
17%
NV
15%
No matching quizzes found
Score Distribution
Percent of People with Each Score
Percentile by Number Answered
Your Score History
You have not taken this quiz